Responses for Show #8744 - Thursday, November 17, 2022

2022 Tournament of Champions final game 4.

Contestants

[<< previous game]

Sam Buttrey, an associate professor of operations research at the Naval Postgraduate School from Pacific Grove, California

Andrew He, a software developer from San Francisco, California

Amy Schneider, a writer from Oakland, California

[next game >>]

Jeopardy! Round responses

HISTORIC DATES
THE KING JAMES BIBLE SAITH
HEAD FOR THE HILLS
A WORD OF WARNING
SONGS FROM THE HIT ALBUM
WE'LL ALL NEED A DRINK AFTER THIS
(Ken: Ain't it the truth.)
    $200 30
Plymouth Rock

Andrew
    $200 28
babes

Amy
    $200 29
Ireland

Andrew
    $200 27
[Sam gives both options.]

omen (The Omen)

Sam
    $200 1
Thriller

Amy
    $200 23
wheat

Sam
    $400 24
(Sam: What is 1912?)

1906

AmySam
    $400 6
Solomon

Sam
    $400 25
The Music Man

Amy
    $400 26
yield

Andrew
    $400 2
Purple Rain

Sam
    $400 22
Long Island Iced Tea

Amy
    $600 18
a hunger strike

Amy
    $600 4
scales

Amy
    $600 17
Breed's Hill

Amy
    $600 9
caution

Amy
    $600 10
(Ken: Yep, picked the right one; that's Adele.)

21

Andrew
    $600 21
a margarita

Amy
    $800 19
the Wilderness

Andrew
    $800 3
the truth

Amy
    $800 16
far away

Amy
    $800 7
the alarm

Sam
    $800 14
(Andrew: What is Spice World?)

Spice

Andrew
Triple Stumper
    $800 12
cava

Sam
    $1,600 20
Mandela

Andrew
    $1000 5
faith

Amy
    $1000 13
(Ken: Yes, that's where our word "palace" comes from.)

Palatine

Amy
    $1000 8
a contraindication

Amy
    $1000 15
(Ken: Amy Winehouse.)

Back to Black

Amy
    $1000 11
Negroni

Andrew

Scores at the first commercial break (after clue 15):

Amy Andrew Sam
$6,200 $800 $2,400

Scores at the end of the Jeopardy! Round:

Amy Andrew Sam
$10,200 $4,000 $2,400

Double Jeopardy! Round responses

NATIVE AMERICAN PLACE NAMES IN THE U.S.
MEMOIRS & PERSONAL ACCOUNTS
FAR OUT
MISCELLANY
DOUBLE LETTERS IN THE MIDDLE
SILENT FILMS WITH JACQUELINE STEWART
(Jacqueline: I'm Jacqueline Stewart, host of Sunday Silent Nights on Turner Classic Movies, with clues about the films that produced some of the greatest artistry of the 20th century.)
    $400 30
(Sam: What is Martha's Vineyard?)

Nantucket

AmySam
    $400 29
(Sam: Bring it.)
(Ken: Final clue.)

Edward Kennedy

Sam
    $400 28
Pegasus

Sam
    $400 27
Grace Kelly

Amy
    $400 26
wattle

Andrew
    $400 25
Joan of Arc

Andrew
    $4,000 20
Cheyenne

Amy
    $800 8
Iran

Sam
    $800 16
nurseries

Amy
    $800 17
telenovelas

Sam
    $800 5
dressage

Amy
    $800 6
Ben-Hur

Andrew
    $1200 19
Oshkosh

Amy
    $1200 7
butterfly

Amy
    $1200 15
cluster

Amy
    $1200 22
stevia

Amy
    $1200 2
(Ken: For Little Miss Muffet, right.)

tuffet

Andrew
    $1200 21
The Phantom of the Opera

Sam
    $1600 3
the Poconos

Sam
    $1600 9
Westover

Sam
    $6,000 13
(Sam: I'd like to bet the maximum amount permitted by law.)
[Laughter]

the singularity

Sam
    $1600 11
tachometer

Sam
    $1600 1
an abbé

Amy
    $1600 23
(Paul) Robeson

Sam
    $2000 18
Walla Walla

Sam
    $2000 10
Brain on Fire

Triple Stumper
    $2000 14
cosmic microwave background

Sam
    $2000 12
(Sam: What is cheetah?)
(Amy: What is an ocelot?)

a serval

AmySam
Triple Stumper
    $2000 4
a surrey

Amy
    $2000 24
Clara Bow

Amy

Scores at the end of the Double Jeopardy! Round:

Amy Andrew Sam
$25,000 $6,800 $20,000

[wagering suggestions for these scores]

Final Jeopardy! Round responses

MOVIES & LITERATURE
(Ken: [To Andrew] Philip K. Dick, I assume?)
[Andrew nods.]
...
(Ken: [To Sam] Arthur C. Clarke, I assume?)
[Sam nods.]
...
(Ken: You all thought of science fiction or fantasy writers; in fact, many of the spaceships and other objects in the Alien movies are named in honor of the works of [*], like the Nostromo, the spaceship in Alien--[*] wrote The Duellists.)
AndrewWho is Dick?
$5,999
SamWho is A.C. Clarke?
$20,000
AmyWho is Lovecraft?
$6,000
Joseph Conrad

Final scores:

Amy Andrew Sam
$19,000 $801 $0
Winner: 2 match points 2nd place: 2 match points 3rd place

Game dynamics:

Coryat scores:

Amy Andrew Sam
$21,800 $6,200 $15,600
28 R
(including 1 DD),
1 W
11 R
(including 1 DD),
1 W
18 R
(including 1 DD),
3 W

Combined Coryat: $43,600

[game clues] [game scores] [suggest correction]

Game tape date: 2022-09-22
The J! Archive is created by fans, for fans. Scraping, republication, monetization, and malicious use prohibited; this site may use cookies and collect identifying information. See terms. The Jeopardy! game show and all elements thereof, including but not limited to copyright and trademark thereto, are the property of Jeopardy Productions, Inc. and are protected under law. This website is not affiliated with, sponsored by, or operated by Jeopardy Productions, Inc. Join the discussion at JBoard.tv.